| 000 | 00478nam a22001457a 4500 | ||
|---|---|---|---|
| 003 | 0 | ||
| 005 | 20230929133912.0 | ||
| 008 | 230929b xxu||||| |||| 00| 0 eng d | ||
| 050 |
_aBF 637 _b.U9 2022 |
||
| 245 |
_aAltruistic personality and self-compassion of health care workers during the pandemic _cUy, Ysabelle Andrea H. |
||
| 260 |
_aLas Pinas City _bSouthville International School and Colleges _cC2022 |
||
| 300 |
_ax,186pp. _c28cm. |
||
| 500 | _aAltruism. | ||
| 942 |
_2lcc _cTH |
||
| 999 |
_c365447 _d365447 |
||